Estadísticas para Famosos latinoamericanos #2

Haz click aquí para tomar la prueba!

Estadísticas generales

  • Esta prueba ha sido tomada 105 veces
  • La puntuación promedio es 10 de 18

Estadísticas de respuestas

HintFamoso latino% Correcto
Actual presidente venezolano (2018)Nicolas Maduro
90%
Jugador de fútbol argentino conocido por "La mano de Dios" - golDiego Maradona
89%
Narcotraficante, politico y emprendedor colombiano, fundador y lider de Cartel de MedellínPablo Escobar
86%
Primer papa latinoamericanoPapa Francisco
83%
Presidente boliviano (2018)Evo Morales
74%
(Ex) Narcotraficante mexicano, lider del Cártel de SinaloaJoaquin " El Chapo" Guzman
69%
Poeta chileno, intelectual y ganador del premio Nobel de Literatura de 1971Pablo Neruda
68%
Una figura destacada en la revolución mexicana, formó el Ejército de Liberación del SurEmiliano Zapata
56%
Campeón de Fórmula 1 que murió en un accidente mientras lideraba la carrera en San Marino (1994)Ayrton Senna
53%
Autor chileno conocido por "La casa de los espíritus", "Retrato en sepia" y "De amor y de sombra"Isabel Allende
47%
Líder militar superior y un popular héroe de Hollywood de la revolución mexicanaPancho Villa
47%
Presidente de NicaraguaDaniel Ortega
39%
Piloto colombiano de Fórmula 1 para McLaren y William (2001-2006)Juan Pablo Montoya
31%
Líder de Panamá 1983-1990Manuel Noriega
31%
Diseñador de moda venezolano famoso por vestir a Michelle Obama y Jacqueline Kennedy-OnassisCarolina Herrera
30%
Poeta y diplomático chileno y primer ganador de un premio Nobel latinoamericano de literaturaGabriela Mistral
27%
Cantante y compositor más famoso por "La Bamba"Richie Valens
22%
Periodista de moda, editora de la revista Elle y juez en el programa de televisión "Project Runway"Nina Garcia
17%

Distribución de puntuación

Porcentaje por número respondido

Porcentaje de gente con cada puntuación

Historial de tus puntuaciones

No has tomado esta prueba